Devine la ville/ Lettres dans le désordre - Statistiques

Statistiques générales
  • Ce quiz a été pris 111 fois
  • Le résultat moyen est 7 sur 10
Statistiques - réponses
Lettres Ville % Correct
Y C N A N NANCY
97%
R E P M I U Q QUIMPER
87%
SINEM NIMES
85%
S E G R U O B BOURGES
78%
N O N G I V A AVIGNON
74%
E L B O N E R G GRENOBLE
74%
ASENTN NANTES
64%
E R V A H E L LE HAVRE
53%
U A N E U G A H HAGUENAU
51%
E L L I V U O R E H HEROUVILLE
35%
Aucun quiz correspondant
Distribution des résultats
% des personnes avec chaque résultat
Percentile par nombre de réponses
Votre historique - résultats
Vous n’avez pas pris ce quiz